Herby Największych Polskich Miast - Statystyki

Ogólne statystyki
  • Ten quiz został rozwiązany 645 razy
  • Średni wynik to 12 z 20
Statystyki odpowiedzi
Obrazkowy Odpowiedź % Poprawnych
Warszawa
99%
Łódź
87%
Wrocław
77%
Katowice
74%
Gdańsk
70%
Szczecin
66%
Lublin
64%
Toruń
61%
Gdynia
60%
Kraków
59%
Poznań
57%
Kielce
55%
Gliwice
54%
Białystok
50%
Rzeszów
50%
Radom
46%
Bydgoszcz
43%
Sosnowiec
32%
Zabrze
30%
Częstochowa
25%
Nie znaleziono quizów pasujących do podanych kryteriów
Rozkład punktacji
Procent ludzi z każdym wynikiem
Percentyl według liczby udzielonych odpowiedzi
Twoja historia wyników
Nie rozwiązałeś tego quizu